[Event "III Copa Marcel Duchamp 2019"]
[Site "Montevideo"]
[Date "2019.02.12"]
[Round "5.11"]
[White "Munoz Perez, Rolando"]
[Black "Lopez Azambuja, Nicolas"]
[Result "0-1"]
[WhiteElo "2130"]
[BlackElo "2320"]
[Annotator "TA"]
[PlyCount "92"]
[EventDate "2019.02.09"]
[EventType "swiss"]
[EventCountry "URU"]
[SourceTitle "playchess.com"]
[Source "ChessBase"]
[SourceQuality "1"]

{[%evp 18,92,15,27,27,27,27,27,46,19,58,65,52,49,41,-1,2,-40,-47,-64,-64,-49,-60,-40,-50,-54,-62,-192,-192,-223,-213,-229,-231,-231,-214,-235,-186,-386,-375,-368,-372,-376,-338,-327,-287,-278,-261,-280,-265,-360,-326,-475,-444,-468,-452,-634,-620,-742,-775,-809,-805,-840,-489,-631,-631,-910,-755,-920,-900,-1302,-812,-1197,-1147,-1163,-1676,-1917,-1660]} 1. d4 Nf6 2. c4 e6 3. g3 Bb4+ 4. Bd2 Be7 5. Bg2 d5 6. Nf3 O-O 7. Qc2 c6 8. O-O Nbd7 9. Bf4 Ne4 10. Nc3 g5 {[#] Hoping for ...Nxc3. E08: Closed Catalan: Main Line: 7 Qc2} 11. Bc1 f5 12. b3 Nd6 $146 {White has an edge.} ({Predecessor:} 12... b6 13. Bb2 Bb7 14. Ne1 Bf6 15. Rd1 Qe7 16. e3 Rac8 17. Nd3 c5 18. Ba3 {0-1 (46) Swiercz,D (2656)-Akobian,V (2641) Saint Louis 2018}) 13. Bb2 dxc4 14. e4 g4 15. Nd2 Nb6 16. f4 cxb3 17. Qxb3 {[#]} Ndc4 $1 $36 {[%mdl 2624] Decoy. Black has the initiative.} 18. Nxc4 {And now Rf2 would win.} Qxd4+ {[%mdl 64] Double Attack} 19. Ne3 Qxe3+ 20. Kh1 Qc5 21. Rac1 {Strongly threatening Nd5.} Qb4 22. Rfd1 (22. Qc2 $1 $15) 22... Nc4 $19 23. Ba1 Qxb3 24. axb3 Ne3 25. Rd3 Nxg2 26. Kxg2 Rd8 27. Rcd1 $2 (27. Rxd8+ {keeps fighting.} Bxd8 28. Na4) 27... Rxd3 28. Rxd3 Kf7 29. Nd1 fxe4 30. Re3 b6 31. Nf2 h5 32. Nxe4 c5 33. Nd2 Ba6 34. Nc4 (34. Kf2 $142) 34... Bxc4 {Black is clearly winning.} 35. bxc4 {[%mdl 4096] Endgame KRB-KRB} Rd8 36. Ra3 (36. Re2 $142 Bf6 37. Be5) 36... Rd2+ 37. Kg1 a5 38. Be5 Bf6 39. Rb3 Bd8 40. Bh8 Rc2 41. Rd3 Bf6 42. Bxf6 Kxf6 43. Rd6 Rb2 44. Rd7 a4 {[%cal Ba5a4,Ba4a3][%mdl 32]} 45. Ra7 Ra2 46. Ra6 a3 {Accuracy: White = 34%, Black = 73%.} 0-1

[Event "III Copa Marcel Duchamp 2019"]
[Site "Montevideo"]
[Date "2019.02.12"]
[Round "5.12"]
[White "Curi, Gabriel"]
[Black "Mussanti, Diego"]
[Result "0-1"]
[WhiteElo "2159"]
[BlackElo "2305"]
[Annotator "TA"]
[PlyCount "94"]
[EventDate "2019.02.09"]
[EventType "swiss"]
[EventCountry "URU"]
[SourceTitle "playchess.com"]
[Source "ChessBase"]
[SourceQuality "1"]

{[%evp 36,94,25,17,34,22,20,10,20,24,28,25,13,22,63,40,118,117,318,278,297,92,92,92,92,85,133,87,88,0,106,71,70,81,104,76,58,36,52,0,0,-44,-45,-50,-51,-52,-52,-61,-50,-56,-51,-63,-65,-121,-135,-29994,-29995,-29995,-29996,-29996,-29997]} 1. e4 c5 2. Nf3 e6 3. d4 cxd4 4. Nxd4 Nc6 5. Nc3 a6 6. Be2 Qc7 7. Be3 Nf6 8. O-O d6 9. a4 Be7 10. f4 O-O 11. Kh1 Rd8 12. Qe1 Nxd4 13. Bxd4 e5 14. Bg1 exf4 {B85: Sicilian Scheveningen: 6 Be2 a6, lines with early Be3} 15. a5 Re8 16. Bb6 Qc6 17. Rxf4 Be6 18. Qg3 Nd7 19. Bd4 {[%csl Gd4][%cal Rg3g7] LiveBook: 5 Games} Ne5 20. Raf1 Bf8 21. Bd3 {[#]} Re7 $146 ({Predecessor:} 21... g6 22. Nd5 Bxd5 23. exd5 {1-0 (54) Goloshchapov,A (2445)-Boensch,U (2550) Meisdorf 1996}) 22. Nd5 Bxd5 23. exd5 Qxd5 24. Bxe5 $40 {[%mdl 128] White is up to no good.} Qxe5 25. Qh4 {[%csl Gd3][%cal Rh4h7]} (25. Qf3 $5 {[%cal Rf4f7]} g6 26. Rxf7 $16) 25... h6 ({Black should try} 25... g6 $1 $14) 26. Rf5 $1 $16 {[%cal Rf5e5]} g5 $2 {[#]} (26... Qe3 $16) 27. Qh5 $1 $18 ({Weaker is} 27. Rxe5 gxh4 28. Re4 Rc8 $14) 27... Qe6 {[#] intending ...Bg7.} 28. Rxg5+ $1 {[%mdl 512]} Bg7 $16 (28... hxg5 29. Qh7#) 29. Rg4 {Threatens to win with Bc4.} d5 30. h3 Kf8 31. Rgf4 Kg8 32. Rg4 Kf8 $1 33. Bh7 Rd8 34. Rgf4 Rd6 35. c3 d4 36. cxd4 Rxd4 37. Rxd4 (37. R4f2 $14) 37... Bxd4 $11 38. Rd1 Bxb2 39. Bf5 Qf6 40. Qg4 {Strongly threatening Rd8+.} Qg5 41. Qf3 Be5 42. Be4 Bc7 43. Bxb7 Qxa5 44. Qf1 (44. g3 $15) 44... Qe5 $17 {[%csl Gc7][%cal Re5h2]} 45. Kg1 $2 {[%mdl 8192]} (45. Qg1 $17) 45... Qh2+ {Black mates.} 46. Kf2 Bb6+ 47. Kf3 Re3+ {Precision: White = 34%, Black = 59%.} 0-1

[Event "III Copa Marcel Duchamp 2019"]
[Site "Montevideo"]
[Date "2019.02.12"]
[Round "5.13"]
[White "Sosa Macho, Juan Manuel"]
[Black "Scarella, Enrique Alejandro"]
[Result "0-1"]
[WhiteElo "2079"]
[BlackElo "2304"]
[Annotator "TA"]
[PlyCount "102"]
[EventDate "2019.02.09"]
[EventType "swiss"]
[EventCountry "URU"]
[SourceTitle "playchess.com"]
[Source "ChessBase"]
[SourceQuality "1"]

{[%evp 9,102,54,61,24,47,39,56,41,58,38,38,39,39,35,47,40,55,50,67,31,41,45,46,39,32,-7,6,5,16,-16,-15,-38,0,-72,-60,-168,-173,-177,-92,-221,-213,-218,-155,-181,-181,-186,-110,-136,-149,-149,-140,-232,-231,-221,-219,-225,-214,-261,-254,-414,-384,-384,-375,-376,-376,-477,-464,-493,-451,-547,-555,-547,-547,-538,-508,-783,-772,-902,-672,-672,-662,-936,-890,-1222,-1087,-1830,-1684,-1561,-1381,-29982,-29983,-29983,-29963,-4929,-4125]} 1. d4 Nf6 2. c4 d6 3. Nc3 Bf5 4. g3 c6 5. Bg2 e5 6. d5 {A53: Old Indian Defence without Nf3} (6. e4 Be6 7. d5 cxd5 8. cxd5 Bd7 9. Nf3 Be7 10. O-O b5 11. a3 a5 12. Qe2 Qb6 {1-0 (85) Korobov,A (2720)-Jobava,B (2696) Tromsoe 2013}) 6... h6 7. e4 Bh7 8. Nge2 {White is slightly better.} Be7 $146 ({Predecessor:} 8... cxd5 9. cxd5 Nbd7 10. f3 Be7 11. Be3 O-O 12. O-O Qa5 {1-0 (45) Macieja,B (2533)-Shtembuliak,E (2490) Dallas 2017}) 9. O-O O-O 10. Kh1 cxd5 11. cxd5 b5 {Black wants to play ...b4.} 12. a3 Qb6 13. Be3 Qb7 14. f4 Nbd7 15. f5 b4 16. axb4 Qxb4 17. Qa4 a5 18. Ra2 Nc5 19. Qa3 Nfd7 20. Rfa1 Qc4 21. Nc1 (21. Bf1 $1 $11 {keeps the balance.} Qd3 22. Bg1) 21... Bg5 $36 {[%mdl 2048] Black has the initiative.} 22. Bg1 (22. Bxg5 $15 hxg5 23. Nd1) 22... Rfb8 $19 23. N3e2 Bxc1 (23... Nxe4 $19 24. b3 Bxc1 25. bxc4 Bxa3 26. Bxe4 Bb4) 24. Nxc1 (24. Rxc1 $17 Qxe2 25. b4 Qxa2 26. Qxa2 axb4 {[%mdl 64] Discovered Attack} 27. Qc2) 24... Nxe4 25. g4 Nec5 26. Qf3 Rb4 27. h3 {[#]} a4 (27... h5 $1 $19 {[%cal Rh5g4][%mdl 512]} 28. gxh5 a4) 28. Bf1 Qf4 29. Qxf4 Rxf4 30. Nd3 {[#]} (30. Bb5 $17 {is a better defense.}) 30... Rxf1 $1 {[%mdl 576] Remove Defender} 31. Rxf1 {Hoping for Nxc5.} Nxd3 32. b3 Kf8 33. bxa4 f6 34. a5 $2 (34. Ra3 Nf4 35. a5) 34... Bg8 35. Ra3 Bxd5+ 36. Kh2 Bc4 37. Rb1 d5 38. Rb7 Ke8 39. Ra7 Rxa7 40. Bxa7 N3c5 41. h4 Kd8 42. Kg3 (42. a6 $142 Nxa6 43. Kg3) 42... Kc7 43. Bb6+ Kc6 44. Bd8 d4 45. Ra1 e4 46. Kf4 e3 47. g5 hxg5+ 48. hxg5 e2 49. Kf3 Ne5+ 50. Kf2 Ne4+ {[%mdl 64] Double Attack} 51. Kg2 d3 {Accuracy: White = 29%, Black = 69%.} 0-1

[Event "III Copa Marcel Duchamp 2019"]
[Site "Montevideo"]
[Date "2019.02.12"]
[Round "5.14"]
[White "Torella, Rodolfo"]
[Black "Coro, Lucas"]
[Result "1/2-1/2"]
[WhiteElo "2022"]
[BlackElo "2284"]
[Annotator "TA"]
[PlyCount "90"]
[EventDate "2019.02.09"]
[EventType "swiss"]
[EventCountry "URU"]
[SourceTitle "playchess.com"]
[Source "ChessBase"]
[SourceQuality "1"]

{[%evp 33,90,-13,34,-6,32,33,38,28,25,30,50,53,92,97,147,170,176,163,136,60,72,81,70,45,45,45,45,45,45,45,45,45,45,8,30,30,30,22,22,22,30,30,30,30,30,0,0,0,0,0,0,-2,0,0,0,0,0,0,0]} 1. e4 c5 2. Nf3 Nc6 3. d4 cxd4 4. Nxd4 Nf6 5. Nc3 e5 6. Ndb5 {[%cal Bd4b5,Bb5a3,Ba3c2,Bc2e3][%mdl 32]} d6 7. Bg5 a6 8. Na3 b5 9. Bxf6 gxf6 10. Nd5 f5 11. exf5 Bxf5 12. c3 Bg7 13. Nc2 O-O 14. Nce3 Be6 15. g3 {[%cal Bg2g3,Bg3g4,Bg4f5][%mdl 32]} f5 16. Bg2 Rb8 17. O-O {B33: Sicilian: Pelikan and Sveshnikov Variations} a5 {LiveBook: 16 Games} (17... f4 $5 {[%cal Rf4e3]} 18. Nc2 Qd7 $11) 18. f4 e4 19. g4 {[#] White is slightly better.} Ne7 $146 ({Predecessor:} 19... Qd7 20. gxf5 Bxf5 21. Nxf5 Qxf5 22. Ne3 Qc5 23. Qd5+ Kh8 24. Qxc5 dxc5 25. Bxe4 Rfe8 26. Bxc6 Rxe3 27. Rae1 {½-½ (27) Zeytinoglu,N (1883)-So,W (2577) Mersin 2008}) 20. Nxe7+ Qxe7 21. gxf5 Bf7 22. Nd5 Qa7+ 23. Kh1 {Hoping for f6.} Qc5 24. Bxe4 {Threatens to win with f6.} Rbe8 25. Bf3 Bxd5 26. Qxd5+ ({Better is} 26. Bxd5+ $16 Kh8 27. Be6) 26... Kh8 $14 27. Qxc5 dxc5 28. Rfe1 Rxe1+ 29. Rxe1 Rxf5 {[%mdl 4096] Endgame KRB-KRB} 30. Re8+ Rf8 31. Rxf8+ Bxf8 {KB-KB} 32. Bc6 b4 33. c4 Bh6 34. f5 Kg7 35. Kg2 Kf6 36. Bd7 Bc1 37. b3 Ke5 38. Kf3 Bd2 39. f6 Kxf6 {The position is equal.} 40. Ke4 Bc3 41. Kd5 Bd4 42. Kc6 h6 43. Kb5 Ke7 44. Bg4 Kd6 45. Kxa5 Bb2 {Precision: White = 49%, Black = 60%.} 1/2-1/2

[Event "III Copa Marcel Duchamp 2019"]
[Site "Montevideo"]
[Date "2019.02.12"]
[Round "5.15"]
[White "Vazquez, Facundo"]
[Black "Carbone, Diego"]
[Result "0-1"]
[WhiteElo "2019"]
[BlackElo "2256"]
[Annotator "RC"]
[PlyCount "50"]
[EventDate "2019.02.09"]
[EventType "swiss"]
[EventCountry "URU"]
[SourceTitle "playchess.com"]
[Source "ChessBase"]
[SourceQuality "1"]
[TimeControl "5400+30"]

1. d4 Nf6 2. c4 g6 3. g3 Bg7 4. Bg2 O-O 5. Nc3 d6 6. Nf3 Nc6 7. O-O a6 8. h3 Bd7 9. e4 e5 10. d5 Ne7 11. Ne1 Ne8 12. Nd3 f5 13. f4 exf4 14. g4 {fxg3 Bf4} b5 15. cxb5 axb5 16. e5 b4 17. Ne2 h6 18. h4 Qb8 19. Nd4 Ra5 20. Nb3 Qa7+ 21. Kh1 Rxa2 22. Nxb4 Rxa1 {Qxa1 Qxa1 Rxa1 dxe5} 23. Be3 {f4 Bc5 Nd6 Nd2 Nef5 Ra7 Nb5 Bxf8 Nxa7 Bc5 Nb5 Nf3} Bf6 24. Nd3 g5 25. hxg5 hxg5 {Nfxe5} 0-1

[Event "III Copa Marcel Duchamp 2019"]
[Site "Montevideo"]
[Date "2019.02.13"]
[Round "5.15"]
[White "Vazquez, Facundo"]
[Black "Carbone, Diego"]
[Result "0-1"]
[WhiteElo "2019"]
[BlackElo "2256"]
[Annotator "ChessBase"]
[PlyCount "77"]
[EventDate "2019.02.09"]
[EventType "swiss"]
[EventCountry "URU"]
[SourceTitle "playchess.com"]
[Source "ChessBase"]
[SourceQuality "1"]
[TimeControl "5400+30"]

1. d4 Nf6 2. c4 g6 3. g3 Bg7 4. Bg2 O-O 5. Nc3 d6 6. Nf3 Nc6 7. O-O a6 8. h3 Bd7 9. e4 e5 10. d5 Ne7 11. Ne1 Ne8 12. Nd3 f5 13. f4 exf4 14. Bxf4 b5 15. cxb5 axb5 16. e5 b4 17. Ne2 h6 18. h4 Qb8 19. Nd4 Ra5 20. Nb3 Qa7+ 21. Kh1 Rxa2 22. Nxb4 Rxa1 23. Qxa1 Qxa1 24. Rxa1 dxe5 25. Be3 f4 26. Bc5 Nd6 27. Nd2 Nef5 28. gxf4 exf4 29. Ra7 Nb5 30. Bxf8 Nxa7 31. Bc5 Nb5 32. Nf3 Bf6 33. Nd3 g5 34. hxg5 hxg5 35. Nfe5 Ng3+ 36. Kh2 Bf5 37. Bh3 Bxh3 38. Kxh3 Ne4 39. Bg1 0-1

[Event "III Copa Marcel Duchamp 2019"]
[Site "Montevideo"]
[Date "2019.02.12"]
[Round "5.16"]
[White "Gaye, Gustavo"]
[Black "Muniz, Rafael"]
[Result "0-1"]
[WhiteElo "1984"]
[BlackElo "2250"]
[Annotator "TA"]
[PlyCount "66"]
[EventDate "2019.02.09"]
[EventType "swiss"]
[EventCountry "URU"]
[SourceTitle "playchess.com"]
[Source "ChessBase"]
[SourceQuality "1"]

{[%evp 14,66,26,28,23,10,10,15,23,0,8,0,0,0,47,36,122,121,128,92,119,33,34,-8,0,-12,-15,-92,-10,-2,0,-12,0,-6,-11,-13,25,24,38,26,50,26,33,35,35,16,22,0,0,0,0,-20,29,-283,-287]} 1. g3 e5 2. Bg2 Nc6 3. c4 Bc5 4. Nc3 a6 5. e3 d6 6. Nge2 {A25: English Opening vs King's Indian with ...Nc6 but without early d3} (6. Nf3 Nf6 7. O-O O-O 8. h3 Ba7 9. d4 h6 10. dxe5 dxe5 11. Qxd8 Rxd8 12. b3 Be6 13. Ba3 Rd7 14. Rfd1 Rad8 15. Rxd7 Rxd7 {½-½ (41) Howell,D (2676)-Ponomariov,R (2694) Riadh 2017}) 6... Ba7 7. a3 h5 8. h4 {LiveBook: 6 Games. White has an edge.} Nf6 9. b3 $146 ({Predecessor:} 9. d4 O-O 10. O-O Re8 11. b4 exd4 12. exd4 Bg4 {0-1 (51) Soham,K (2065)-Koustav,C (2383) Kolkata 2018}) 9... Bg4 10. Bb2 Qd7 11. d3 Rb8 12. Qc2 Ne7 13. d4 Nf5 {[%cal Re5d4]} 14. Ne4 Qe7 {[#]} (14... Nxe4 $1 $14 15. Bxe4 O-O) 15. Nxf6+ $1 $16 gxf6 16. Be4 Nh6 17. dxe5 ({White should try} 17. O-O $16) 17... fxe5 $14 18. O-O Rg8 19. Kh2 Be6 20. Qd3 {[#]} (20. Rac1 $11) 20... c6 (20... Rg4 $1 $17) 21. Rad1 $36 {[%mdl 2048] White is pushing.} Rd8 22. Bg2 Ng4+ 23. Kg1 f5 24. Bc3 d5 25. cxd5 cxd5 26. Bb4 Qf7 27. Ba5 Rd7 28. Rc1 Ke7 {[%cal Be8e7,Be7f6,Bf6g6,Bg6h6][%mdl 32]} 29. Bb4+ Kf6 30. Bc3 Kg6 31. Bb2 Kh6 32. b4 Rgd8 33. Bf3 $2 {[%mdl 8192]} (33. b5 $11 {and White is okay.}) 33... e4 {Precision: White = 27%, Black = 30%.} 0-1

[Event "III Copa Marcel Duchamp 2019"]
[Site "Montevideo"]
[Date "2019.02.12"]
[Round "5.17"]
[White "Rupel, David"]
[Black "Barreto, Ignacio C. de Barro"]
[Result "1/2-1/2"]
[WhiteElo "1953"]
[BlackElo "2212"]
[Annotator "TA"]
[PlyCount "122"]
[EventDate "2019.02.09"]
[EventType "swiss"]
[EventCountry "URU"]
[SourceTitle "playchess.com"]
[Source "ChessBase"]
[SourceQuality "1"]

{[%evp 11,122,35,43,-66,-65,-87,-90,-148,-135,-134,-134,-178,-156,-170,-144,-155,-150,-154,-161,-164,-173,-188,-131,-132,-119,-118,-125,-119,-120,-177,-91,-95,-95,-88,-88,-91,-81,-88,-88,-82,-82,-74,-47,-88,-88,-88,-88,-95,-88,-82,-81,-84,-72,-87,-79,-185,-135,-162,-135,-145,-135,-135,-135,-128,-110,-128,-128,-168,-168,-178,-147,-148,-97,-271,-249,-301,-244,-244,-244,-447,-440,-432,-432,-401,-74,-75,-74,-80,-8,-8,-8,-8,-8,-8,-8,-8,-8,-8,-8,-8,-8,-8,-8,-8,-8,-8,-8,-8,0,-8,0,0,0]} 1. d4 Nf6 2. Nf3 d6 3. c4 g6 4. Nc3 Bg7 5. h3 O-O 6. e4 Na6 7. e5 $146 {E90: King's Indian: Classical: Early deviations and 6 h3} ({Only move:} 7. Bd3 $1 $14) ({Predecessor:} 7. Be3 c6 8. Rc1 e5 9. d5 cxd5 10. cxd5 Ne8 11. g4 Kh8 12. Be2 f5 13. gxf5 gxf5 14. exf5 Bxf5 15. Ng5 {1-0 (36) Nepomniachtchi,I (2751)-Adhiban,B (2677) Tbilisi 2017}) 7... dxe5 $15 8. Nxe5 c5 9. Be3 (9. d5 $142) 9... cxd4 $1 $17 10. Bxd4 Nb4 11. Bc5 Qa5 $1 {[%cal Ra5c5]} 12. Bxb4 Qxb4 13. Qb3 Qa5 14. Qb5 Qc7 $1 15. Nf3 Bd7 16. Qb3 Bc6 ({Black should play} 16... Nh5 $1 $19 17. Bd3 Bc6) 17. Be2 Nh5 18. O-O Nf4 19. Rfe1 Rad8 20. Qc2 (20. Nb5 $17 Qb8 21. Rab1) 20... Nxe2+ (20... e5 $19 21. Rac1 Qe7) 21. Qxe2 Bxc3 22. bxc3 Bxf3 23. Qxf3 b6 24. Qe4 e6 25. Rad1 Rc8 (25... Rfe8 {seems wilder.} 26. Qe2 Qc5 27. g3 h5 28. Kg2 Kg7) 26. Rd4 Qc6 27. Qxc6 Rxc6 $15 {[%mdl 4096] Endgame KRR-KRR} 28. Rd7 a5 29. Rb7 Rxc4 30. Rxb6 Rxc3 31. Ra6 Rc5 32. Re4 Rb8 {Hoping for ...Rb1+.} 33. Ra4 (33. g4 $17 {might work better.}) 33... Rb1+ 34. Kh2 Rb2 35. R6xa5 Rxa5 36. Rxa5 Rxf2 $17 {KR-KR} 37. Kg3 Rb2 38. a4 Kg7 39. Rb5 Ra2 40. a5 Ra4 41. Kf3 h5 (41... f5 $142 $1 42. Ke3 Ra2) 42. Rc5 $2 {[#]} (42. g4 $17) 42... f5 $1 $19 43. Rc6 Ra3+ ({Less strong is} 43... Rxa5 44. Rxe6 h4 45. Rb6 $17) 44. Kf2 Kf6 ({Resist} 44... Rxa5 45. Rxe6 g5 46. Ke3 $17) 45. Rc5 $2 (45. h4) 45... h4 46. Rb5 g5 47. Rc5 g4 $2 (47... f4 $19 {has better winning chances.} 48. Rb5 e5) 48. hxg4 $17 fxg4 49. Rh5 {[#]} h3 (49... Ra2+ $1 $17 50. Ke3 Rxg2 51. Rxh4 Kg5) 50. gxh3 $11 {The position is equal.} gxh3 51. a6 Rxa6 {...Ra3 is the strong threat.} 52. Rxh3 Ra2+ 53. Ke1 Kf5 54. Rh4 e5 55. Rh3 Kg4 (55... e4 {is interesting.} 56. Rg3 Rh2 57. Ra3 Rh8 58. Kd1 Ke5) 56. Rb3 e4 57. Rc3 Kf4 58. Rb3 Ra1+ 59. Ke2 Ra2+ 60. Ke1 e3 {( -> ...Kf3)} 61. Rb8 Ke5 {Accuracy: White = 52%, Black = 57%.} 1/2-1/2

[Event "III Copa Marcel Duchamp 2019"]
[Site "Montevideo"]
[Date "2019.02.12"]
[Round "5.18"]
[White "Granara Barreto, Sebastian"]
[Black "Alonso, Salvador"]
[Result "0-1"]
[WhiteElo "2134"]
[BlackElo "2502"]
[Annotator "TA"]
[PlyCount "100"]
[EventDate "2019.02.09"]
[EventType "swiss"]
[EventCountry "URU"]
[SourceTitle "playchess.com"]
[Source "ChessBase"]
[SourceQuality "1"]

{[%evp 18,100,24,16,47,33,43,14,47,40,39,37,115,116,120,120,133,115,108,59,67,65,65,59,63,65,67,68,66,56,61,51,57,47,77,43,64,54,59,43,56,22,26,8,33,0,0,0,4,0,0,-28,-28,-143,-144,-136,-135,-159,-156,-161,-128,-127,-58,-341,-305,-343,-343,-343,-343,-319,-328,-117,-88,-95,-95,-29981,-29982,-29982,-29983,-29983,-29984,-29983,-29982,-29983,-29984]} 1. e4 c5 2. Nf3 Nc6 3. Bb5 e6 4. O-O Nge7 5. d4 cxd4 6. Nxd4 Qb6 7. Nxc6 {B30: Sicilian: 2...Nc6 3 Bb5, lines without ...g6} bxc6 8. Bd3 Ng6 9. c4 Be7 (9... Bc5 10. Nc3 Qc7 11. Kh1 e5 12. Na4 Bd4 13. c5 d6 14. Be3 dxc5 15. Nxc5 Bxb2 {0-1 (56) Adams,M (2712)-Adhiban,B (2668) Douglas 2018}) 10. Nc3 {LiveBook: 12 Games} c5 11. f4 Bb7 $146 ({Predecessor:} 11... O-O 12. Rb1 a6 13. Be3 Qc7 14. Qh5 f6 {0-1 (44) Bernotas,A (2407)-Fedorov,A (2572) Minsk 2018}) 12. Qe2 a6 13. Be3 Qc7 14. Rad1 Bf6 (14... O-O $14) 15. e5 $16 Be7 16. Ne4 Bxe4 17. Bxe4 Rd8 18. Rd2 O-O 19. Rfd1 d6 20. exd6 Rxd6 21. Rxd6 Bxd6 22. g3 Be7 23. Rd3 Rb8 24. Qd2 {Strongly threatening Rd7.} Nf8 25. b3 a5 26. a4 (26. Bg2 {looks sharper.} g6 27. Qc2 Nd7 28. Qd1 Nf8 29. Qe2) 26... Rd8 27. Rxd8 Bxd8 28. Qd3 Bf6 29. Kg2 g6 30. Bf3 Qb6 31. h4 h5 32. Bd1 Kg7 33. Bf3 Bd4 34. Qe4 Nd7 35. Bd1 (35. Qd3 $11 {keeps the balance.}) 35... Bxe3 $1 $17 36. Qxe3 Qd6 $1 $36 {[%cal Rd6d1][%mdl 2048] Black is in control.} 37. Bf3 Qd4 38. Kf2 Kf6 39. Bc6 Ke7 (39... Qxe3+ $1 $17 40. Kxe3 Ke7) 40. Qxd4 $4 {[%mdl 8192]} (40. Bxd7 $1 $15 Kxd7 41. Ke2 Qb2+ 42. Kf1) 40... cxd4 $19 41. Bxd7 Kxd7 $15 {[%mdl 4096] Endgame KP-KP} 42. Ke2 Kd6 43. Kd3 Kc5 44. Ke4 $2 {[#]} (44. Ke2 $19) 44... f6 $1 $17 {[%cal Bf7f6,Bf6f5][%mdl 32]} 45. Kd3 {[#]} e5 $1 {[%cal Be6e5,Be5e4][%mdl 32]} 46. Ke4 $2 {[%mdl 8192]} (46. fxe5 $17 fxe5 47. Ke4) 46... f5+ {Black mates.} 47. Kd3 e4+ 48. Kd2 d3 49. Ke3 Kd6 50. Kd2 Kc6 {Precision: White = 23%, Black = 65%.} 0-1

[Event "III Copa Marcel Duchamp 2019"]
[Site "Montevideo"]
[Date "2019.02.12"]
[Round "5.19"]
[White "Zapata Charles, Santiago"]
[Black "Guerrero, Alvaro"]
[Result "1/2-1/2"]
[WhiteElo "2300"]
[BlackElo "2096"]
[Annotator "TA"]
[PlyCount "87"]
[EventDate "2019.02.09"]
[EventType "swiss"]
[EventCountry "URU"]
[SourceTitle "playchess.com"]
[Source "ChessBase"]
[SourceQuality "1"]

{[%evp 11,87,12,16,-5,0,0,0,-5,75,76,89,77,86,81,99,85,96,99,100,66,85,84,105,37,64,75,98,-166,-174,-168,-177,-172,-163,-169,-178,-161,-151,-170,-180,-168,-164,-266,-210,-231,-199,-197,-198,-201,-197,-197,-201,-201,0,-182,-183,-143,-148,-200,-111,-111,-111,-114,-115,-115,-96,-118,-110,-112,-96,-97,-97,-111,0,-96,0,-110,0,-95]} 1. e4 c6 2. d4 d5 3. e5 Bf5 4. h4 h5 5. Bd3 Bxd3 6. Qxd3 e6 7. Bg5 {B12: Caro-Kann: Advance Variation} Qb6 (7... Be7 8. Nf3 Nh6 9. Nbd2 Nf5 10. Nf1 Qa5+ 11. c3 Qa6 12. Qd2 Nd7 13. Ng3 Nxg3 14. fxg3 f6 {½-½ (72) Inarkiev,E (2693)-Tomashevsky,E (2705) St Petersburg 2018}) 8. Nd2 c5 9. c4 Qa6 (9... Qxb2 $11 {keeps the balance.} 10. Rb1 Qxd4 11. Qxd4 cxd4) 10. Ngf3 $16 Nc6 11. O-O cxd4 12. a3 $1 Nge7 13. b4 {Hoping for b5.} dxc4 14. Nxc4 $146 ({Predecessor:} 14. Qxc4 b5 {1-0 (36) Hinrichs,L (2157)-Brinkmann,F (2107) Lueneburg 2016}) 14... Nf5 15. Rac1 {[%mdl 1024] White has strong compensation.} Qb5 16. Rfe1 Rb8 17. Qd2 (17. Qb3 $16) 17... Qd5 18. Qf4 b5 {[#]} 19. Nb2 $2 {[%mdl 8192] [#]} (19. Nd6+ $1 $16 {[%mdl 512] is forced if you want to stay better.} Nxd6 20. Rc5 Qxc5 21. bxc5) 19... a5 $1 $19 20. Qe4 Qxe4 21. Rxe4 {[#]} Kd7 $1 22. Nd3 axb4 23. axb4 Ra8 ({Resist} 23... Nxb4 24. Nxb4 Bxb4 25. Nxd4 $11) 24. Bd2 Ra2 25. Kf1 Be7 26. Ke1 (26. Bg5 {keeps fighting.}) 26... Rc8 27. Kd1 Rc7 28. g3 Rca7 29. Nfe1 R7a3 30. Rc2 Ra1+ 31. Rc1 R1a2 32. Rc2 $1 Rxc2 33. Kxc2 Ra2+ 34. Kc1 (34. Kd1 $17 {was called for.}) 34... g6 (34... Ra4 $19 {[%cal Rc6b4]} 35. Nc2 Bf8) 35. Nc2 $17 Kc7 36. Kb1 Ra8 37. Kb2 Rd8 38. Kb3 Kb6 39. Nce1 Rd5 40. Nf3 Rd7 41. Bc1 Rd5 42. Bd2 $1 Rd7 43. Bc1 $1 Rd5 44. Bd2 $1 {Accuracy: White = 63%, Black = 46%.} 1/2-1/2